| Record ID | marc_records_scriblio_net/part10.dat:30749183:764 |
| Source | Scriblio |
| Download Link | /show-records/marc_records_scriblio_net/part10.dat:30749183:764?format=raw |
LEADER: 00764cam 2200241 i 4500
001 77077446 //r892
003 DLC
005 19890810000000.0
008 780330s1978 mnua b 00000 eng
010 $a 77077446 //r892
020 $a0808721062
050 0 $aQE39.5.U7$bG46
082 $a550/.9173/2
245 00 $aGeology in the urban environment /$c[editors]: R. O. Utgard, G. D. McKenzie, D. Foley ; foreword by Robert F. Legget.
260 0 $aMinneapolis :$bBurgess Pub. Co.,$cc1978.
300 $ax, 355 p. :$bill. ;$c26 cm.
504 $aIncludes bibliographies.
650 0 $aUrban geology.
650 0 $aLand use$xEnvironmental aspects.
650 0 $aUrban ecology.
700 10 $aUtgard, Russell O.
700 10 $aMcKenzie, Garry D.
700 10 $aFoley, Duncan.